000 01593cam a22004097a 4500
003 CHAP
005 20230607094542.0
008 030317d2002 mx ab r 00110 spa d
010 _a86968
011 _a87940
035 _a98485
040 _cCHAP
090 _aTesis
100 0 0 _aBautista Hernández, Jesús.
_910920
245 1 0 _aValoración económica del almacenamiento del carbono del bosque tropical del ejido Noh Bec. Quintana Roo, México
_c/por Jesús Bautista Hernández
260 _aChapingo, Méx. :
_bEl autor,
_c2002
300 _a145 h. ;
_bilus. ; mapas. ; gráfs. ; cuadros
502 _aTesis (M. C. en Ciencias Forestales ) -- UACH. División de Ciencias Forestales
590 _aALEPH
_b10
_c20130110
_lUCH01
_h1452
590 _aBATCH-UPD
_b10
_c20130110
_lUCH01
_h0208
590 _aBATCH-UPD
_b10
_c20130110
_lUCH01
_h0743
590 _aBATCH-UPD
_b10
_c20130409
_lUCH01
_h2222
590 _aBATCH-UPD
_b10
_c20130410
_lUCH01
_h1054
590 _aBATCH-UPD
_b10
_c20130914
_lUCH01
_h0547
590 _aCONVERSION
_b10
_c20130109
_lUCH01
_h1348
650 1 7 _aDióxido de carbono
_xEfecto en clima
_2
_912847
650 1 4 _aBosques
_xAspectos económicos
_xQuintana Roo.
_914082
650 1 4 _aBosques
_xQuintana Roo.
_914375
650 1 4 _aBosques
_xValoración.
_914409
650 1 4 _aCarbono
_xEfecto en plantas.
_918831
650 1 4 _aEjido Noh Bec, Quintana Roo.
_935950
901 _aBK
905 _aMayto Villallobos S.
942 _cFOLL
949 _aTesis
_bBC
_cTES
_d33724000887303
_eTS2
_fc.2
_h40668
_i98485
_si
949 _aTesis
_bBC
_cTES
_d98485123
_eTS1
_h40667
_i98485
_sb
999 _c86968
_d86968